River Etymologies: Europe II Quiz Stats

 Plays Quiz not verified by Sporcle

Score 0/19 Timer 07:00
0 Plays Today
% Correct
Central and Eastern Europe: Danube
94.2%
Bosnia and Herzegovina: Bosna
91.6%
Russia: Volga River
86.7%
Ireland: Erne
81.6%
Finland: Kymijoki
81.3%
Spain: Guadalquivir
70%
Ireland: Avonbeg
62%
Ireland: Clanrye
58.5%
Italy: Reno River
52.7%
Ireland: Avonmore
49.3%
% Correct
Ireland: Slaney
36.9%
UK: Tyne
36.3%
Estonia, Russia: Narva
35.2%
Spain: Llobregat
25.4%
Romania: Ialomiţa
23.3%
Romania: Bistriţa:
20.7%
Romania: Prahova
20.7%
Ukraine, Romania: Siret
15.3%
UK: Quoile
11.2%

You're not logged in!

Compare scores with friends on all Sporcle quizzes.
OR
Log In

Sporcle TV

Today on Sporcle TV


Watch our educational content, quiz creation guides, and fun videos on Sporcle TV.

Show Comments

Extras

Top Quizzes Today


Score Distribution

Your Account Isn't Verified!

In order to create a playlist on Sporcle, you need to verify the email address you used during registration. Go to your Sporcle Settings to finish the process.

Report this User

Report this user for behavior that violates our Community Guidelines.

Details: